| 000 | 01137nmb a2200289uu 4500 | ||
|---|---|---|---|
| 001 | 09052 | ||
| 003 | HDC | ||
| 007 | cr cn|---aauu| | ||
| 008 | 210201p2014 my ||||| |||| 00| 0 eng d | ||
| 040 | _aHDC | ||
| 100 |
_aNoorliza Karia, _eauthor _99487 |
||
| 245 | 0 |
_aDeveloping Halal Logistics Framework: An Innovation Approach / _cNoorliza Karia, and Muhammad Hasmi Abu Hassan Asaari |
|
| 260 |
_aPulau Pinang : _bUniversiti Sains Malaysia, _c2014 |
||
| 300 | _a8 pages : | ||
| 336 |
_atext _2rdacontent |
||
| 337 |
_acomputer _2rdamedia |
||
| 338 |
_aonline resource _2rdacarrier |
||
| 500 | _aVision 2020: Sustainable Growth, Economic Development, and Global Competitiveness | ||
| 650 |
_aBusiness _xReligious aspects _xIslam _91603 |
||
| 650 |
_aFood _xReligious aspects _xIslam _9239 |
||
| 650 |
_aHalal food Industry _zMalaysia. _9218 |
||
| 700 |
_aMuhammad Hasmi Abu Hassan Asaari, _eauthor _99488 |
||
| 856 | _zRequest full-text at [email protected] | ||
| 942 | _2ddc | ||
| 942 | _cTHE | ||
| 942 | _kTHES 000028 | ||
| 999 |
_c6375 _d6375 |
||